| Tag |
First Indicator |
Second Indicator |
Subfields |
| LEADER |
00000cam a2200000 4500 |
| 001 |
in00000056066 |
| 005 |
20151008052352.0 |
| 008 |
750926s1932 enkh b 00000 eng |
| 010 |
|
|
|a 36011718
|
| 035 |
|
|
|a (OCoLC)01656483
|
| 035 |
|
|
|9 AAH3018AM
|
| 040 |
|
|
|a DLC
|c DZM
|d TXA
|d UtOrBLW
|
| 041 |
0 |
|
|a eng
|a ger
|
| 049 |
|
|
|a TXAM
|c [156181]
|
| 050 |
0 |
0 |
|a HV4485
|b .L6 1932
|
| 082 |
0 |
|
|a 339.1
|
| 092 |
|
|
|a 339.1
|b L695b
|
| 130 |
0 |
|
|a Liber vagatorum.
|
| 245 |
1 |
4 |
|a The book of vagabonds and beggars /
|c with a vocabvlary of their langvage and a preface by Martin Lvther; first translated into English by J. C. Hotten and now edited anew by D. B. Thomas.
|
| 264 |
|
1 |
|a London :
|b The Pengvin press,
|c [1932]
|
| 300 |
|
|
|a xvi, 188 pages :
|b including frontispiece, facsimiles facsimiles ;
|c 22 cm.
|
| 336 |
|
|
|a text
|b txt
|2 rdacontent
|
| 337 |
|
|
|a unmediated
|b n
|2 rdamedia
|
| 338 |
|
|
|a volume
|b nc
|2 rdacarrier
|
| 500 |
|
|
|a "The German text now printed is from the British museum copy of the 1529 edition."--p. xiv. German text and English translation on opposite pages.
|
| 500 |
|
|
|a "The Liber vagatorum; bibliography": pages 19-36; "Select bibliography": pages 185-186.
|
| 650 |
|
0 |
|a Begging
|z Germany.
|
| 650 |
|
0 |
|a Wayfaring life
|z Germany.
|
| 650 |
|
0 |
|a German language
|x Slang.
|
| 700 |
1 |
|
|a Luther, Martin,
|d 1483-1546.
|
| 700 |
1 |
|
|a Hotten, John Camden,
|d 1832-1873.
|
| 700 |
1 |
|
|a Thomas, David Biros.
|
| 999 |
|
|
|a MARS
|
| 999 |
f |
f |
|s 3ce177e3-2e58-382f-b215-06aaa55307a0
|i 9747af4e-45b6-32f1-aeb0-7b985161ab9e
|t 0
|
| 952 |
f |
f |
|p ric
|a Texas A&M University
|b Rellis Campus
|c Joint Library Facility
|d Remote Storage
|t 0
|e HV4485 .L6 1932
|h Library of Congress classification
|i unmediated -- volume
|m A14800777044
|
| 952 |
f |
f |
|p noncirc
|a Texas A&M University
|b College Station
|c Cushing Memorial Library & Archives
|d Cushing: Literature/Mitchell (Does not check out)
|t 0
|e HV4485 .L6 1932
|h Library of Congress classification
|i unmediated -- volume
|
| 998 |
f |
f |
|a HV4485 .L6 1932
|t 0
|l Cushing: Literature/Mitchell (Does not check out)
|
| 998 |
f |
f |
|a HV4485 .L6 1932
|t 0
|l Remote Storage
|